000 00320nam a2200133Ia 4500
008 191201s1996 xx 000 0 und d
082 _a523.01
_bBEN
100 _aBELLOTTI,E
245 0 _aNon-accelerator Particle Astrophysics
260 _bWorld Scientific
_c1996
300 _a541
650 _aApplied
942 _2ddc
_cBK
999 _c648
_d648